Política y etapas de crecimiento

Gespeichert in:
Bibliographische Detailangaben
1. Verfasser: Rostow, W. W (VerfasserIn)
Format: Buch
Sprache:Spanisch
Veröffentlicht: Barcelona DOPESA 1972
Schlagworte:
Tags: Tag hinzufügen
Keine Tags, Fügen Sie den ersten Tag hinzu!

MARC

LEADER 00000nam a2200000 a 4500
001 UCT6206
003 CL-VaPUC
008 970106e19720000SP |||||||||||||||||spa|d
082 0 4 |a 320.01  |b ROS  |2 21 
100 0 |a Rostow, W. W  |e author  |9 357978 
245 1 0 |a Política y etapas de crecimiento 
300 |a 477 p 
942 |c BK 
945 |d 19970106 00:00:00  |a paguirre 
260 |a Barcelona  |b DOPESA  |c 1972 
650 0 |a Política  |9 255312 
650 7 |a FILOSOFIA POLITICA  |2 CL-VaPUC  |9 376107 
650 0 |a Ciencias Políticas  |9 255201 
650 0 |a Democracia  |9 255256 
650 7 |a SISTEMAS POLITICOS  |2 CL-VaPUC  |9 376108 
583 |a last modification  |c 19970106 00:00:00  |k Rodrigo Vera 
999 |c 254922  |d 254920 
952 |0 0  |1 0  |4 0  |6 320_010000000000000_ROS_1972  |7 0  |8 A  |9 276901  |a BIBDER  |b BIBDER  |d 2019-11-19  |i 1800485  |o 320.01 ROS 1972  |p 1800485  |r 2023-01-25  |w 2019-11-19  |y BK  |k DER